| 000 | 00646nam a22002177a 4500 | ||
|---|---|---|---|
| 003 | 0 | ||
| 005 | 20250324163726.0 | ||
| 008 | 250324b xxu||||| |||| 00| 0 eng d | ||
| 020 | _a978-1-266-26107-7 | ||
| 050 |
_aHF 5636 _b.H33 2024 |
||
| 100 | _aHaddock, M. David | ||
| 245 |
_aCollege accounting: _ba contemporary approach _cM. David Haddock, Jr. and two others |
||
| 250 | _aSixth edition | ||
| 260 |
_aNew York City _bMcGraw Hill, LLC _c2024 |
||
| 300 |
_axxviii, 488 pages ; _c28cm. |
||
| 504 | _aIncludes index. | ||
| 650 | _aAccounting. | ||
| 700 | _aPrice, John Ellis. | ||
| 700 | _aFarina, Michael J. | ||
| 942 |
_2lcc _cBK |
||
| 999 |
_c367332 _d367332 |
||